Normal view
MARC view
- دويدار،محمد
Entry Personal Name
001 - CONTROL NUMBER
- control field: 33930
003 - CONTROL NUMBER IDENTIFIER
- control field: JO-AjAnu
005 - DATE AND TIME OF LATEST TRANSACTION
- control field: 20230606075704.0
008 - FIXED-LENGTH DATA ELEMENTS
- fixed length control field: 230606|| aca||aabn | a|a d
040 ## - CATALOGING SOURCE
- Original cataloging agency: JO-AjAnu
- Transcribing agency: JO-AjAnu
100 ## - HEADING--PERSONAL NAME
- Personal name: دويدار،محمد
670 ## - SOURCE DATA FOUND
- Source citation: Work cat.: (JO-AjAnu)17427: دويدار،محمد, author, مبادىء الاقتصاد السياسي ج1 الاساسيات:تاريخ علم الاقتصاد السياسي-الاقتصاد السياسي والراسمالية الاقتصاد السياسي والاشتراكية